Music Quiz

Random Music or Artist Quiz
Score 0/20 Timer 06:00
1 Play Today
Number(Year) Album Title % Correct
The Dark Side of the Moon - Pink Floyd
90.6%
Let It Be - The Beatles
77.8%
Nevermind - Nirvana
76.6%
Dynasty - Kiss
73.6%
Born in the U.S.A. - Bruce Springsteen
71.5%
Aladdin Sane - David Bowie
64.1%
The Velvet Underground & Nico
49.1%
White Blood Cells - The White Stripes
46.4%
Parallel Lines - Blondie
35.9%
Black Holes and Revelations - Muse
28.2%
Number(Year) Album Title % Correct
The Red Album - Weezer
28.1%
Is This It - The Strokes
26.5%
Stankonia - Outkast
25.6%
Play - Moby
21.3%
It's Not Me, It's You - Lily Allen
16.5%
3 Feet High and Rising - De La Soul
16.3%
In Rainbows - Radiohead
15.2%
Ace of Spades - Motörhead
14.2%
Down on the Upside - Soundgarden
9.3%
Melt - Peter Gabriel
8.3%
Remove Ads.
Support Sporcle.
Get the best of Sporcle when you Go Orange. This ad-free experience offers more features, more stats, and more fun while also helping to support Sporcle. Thank you for becoming a member.

You're not logged in!

Compare scores with friends on all Sporcle quizzes.
OR
Log In

Show Comments

Extras

Top Quizzes Today


Score Distribution

Your Account Isn't Verified!

In order to create a playlist on Sporcle, you need to verify the email address you used during registration. Go to your Sporcle Settings to finish the process.

Report this User

Report this user for behavior that violates our Community Guidelines.

Details: